000 00407nam a22001577a 4500
005 20250819115522.0
008 250819b |||||||| |||| 00| 0 eng d
082 _a880.1
_bRAS-F
100 _aRashid sayal
245 _aFaith in unseen /
260 _aPakistan;
_bilmi book ;
_c2018.
300 _aXIV, 360 P. :
_bIll;
_c24 cm.
500 _ainclude index.
650 _aEnglish Litreature
999 _c37016
_d37016